| 000 | 00921nas a2200253 4500 | ||
|---|---|---|---|
| 001 | BR8401309 | ||
| 003 | BR-BrBNA | ||
| 005 | 20231205085828.0 | ||
| 007 | ta | ||
| 008 | 230509b bl.|||p| |||| 00| 00por d | ||
| 040 |
_aBR-BrBNA _bpor _cBiblioteca Nacional de Agricultura |
||
| 041 | _a(Pt) | ||
| 072 | _aH10 | ||
| 100 | 1 | _aCruz, P.F.N. da (Centro de Pesquisas do Cacau, Ilheus, BA (Brazil)) | |
| 245 | 1 | _aOcorrencia e avaliacao de danos causados por roedores, pragas do cacaueiro na Bahia, Brasil [Theobroma cacao] | |
| 246 | 1 | _aOccurrence and evaluation of damages caused by rodents, cacao pests in Bahia, Brazil [Theobroma cacao] | |
| 650 | _aCACAU | ||
| 650 | _aROEDOR | ||
| 650 | _aBAHIA | ||
| 773 | 0 |
_tRevista Theobroma (Brazil) _xISSN 0370-7962 _g(Jan-Mar 1983), v. 13(1) p. 59-60 _wBR8401309 |
|
| 856 | 4 | 0 | _dLink DSPACE/MAPA BR8401309 |
| 909 |
_a202311 _bLúcia _c55 _dLúcia Elande |
||
| 942 |
_2AGRIS _n0 _cANA |
||
| 999 |
_c114118 _d114118 |
||